| 000 | 00000nam##2200000za#4500 |
| 001 | 9.662376 |
| 003 | CaOODSP |
| 005 | 20210615120522 |
| 007 | ta |
| 008 | 150407|2000||||xxc||||| f|0| 0 fre|d |
| 020 | |a0-662-65385-8 |
| 040 | |aCaOODSP|bfre |
| 041 | |aeng |
| 041 | |afre |
| 043 | |an-cn--- |
| 086 | 1 |aSW21-65/2000 |
| 110 | 1 |aCanada. |bCondition féminine Canada. |
| 245 | 10|a6 décembre 2000: Journée nationale de commémoration et d'action contre la violence faite aux femmes : |btrousse de renseignements |
| 260 | |aOttawa - Ontario : |bCondition féminine Canada |c2000. |
| 300 | |aTexte français, 19p. ; |c28 cm. |
| 546 | |aBilingue |
| 563 | |aCouverture souple |
| 590 | |a00-51|b2000-12-29 |
| 691 | 07|aCommémoration|2gcpds |
| 691 | 07|aViolence faite aux femmes|2gcpds |
| 720 | 1 |aBakan, Abigail B. |
| 720 | 1 |aKobayashi, Audry |
| 776 | 0#|t6 décembre 2000 - Journée nationale de commémoration et d'action contre la violence faite aux femmes : |w(CaOODSP)9.642026 |
| 776 | 0#|tDecember 6, 2000 - National Day of Remembrance and Action on Violence against Women : |w(CaOODSP)9.698029 |
| 791 | |tDecember 6, 2000: National Day of Remembrance and Action on Violence against Women : |eeng|w(CaOODSP)9.662375 |